000 00536nam a2200169 a 4500
005 20140310182427.0
008 100302s19uu xx 00 eng d
050 _aRM 216
_b.Un61 2005
245 _aOptimum and prime healthcare :
_ba nursing approach with performance checklist /
_cAaron "CY" Tuesca Untalan.
250 _a1st. ed.
260 _aManila :
_bEducational Publishing House,
_c2005.
300 _a423 p. :
_c24 cm.
521 _aNUR
650 _aHealth care. 2. Medical care.
942 _cBK
_2lcc
_kLOC
999 _c13295
_d13295